000 00577nam a2200205 a 4500
005 20140310183329.0
008 060815s19uu xx 00 eng d
020 _a0-321-30344-x
050 _aTR 897.7
_b.D446 2005
100 _aDehaan, Jen
245 _aAnimation and effects with Macromedia flash mx 2004 /
260 _aU.S.A :
_bPearson Education,
_c2005.
300 _a456 p. :
_bill. ;
_c23 cm.
521 _aIT
650 _aFlash (Computer File).
650 _aComputer animation.
650 _aWeb sites
_xDesign.
942 _cBK
_2lcc
_kFOR
999 _c21509
_d21509